[Event "BCF-chT 0304 (4NCL)"]
[Site "West Bromwich"]
[Date "2004.05.22"]
[Round "10.4"]
[White "Shikerov, Stefan"]
[Black "Lalic, Bogdan"]
[Result "1/2-1/2"]
[WhiteElo "2328"]
[BlackElo "2535"]
[PlyCount "34"]
[EventDate "2003.10.18"]
[EventType "team"]
[EventRounds "11"]
[EventCountry "ENG"]
[SourceTitle "EXT 2005"]
[Source "ChessBase"]
[SourceDate "2004.11.15"]
[SourceVersion "1"]
[SourceVersionDate "2004.11.15"]
[SourceQuality "1"]
[WhiteTeam "Barbican II"]
[BlackTeam "Wood Green"]
[WhiteTeamCountry "ENG"]
[BlackTeamCountry "ENG"]

1. e4 e6 2. d4 d5 3. e5 c5 4. c3 Nc6 5. Nf3 Bd7 6. Be2 Nge7 7. a3 c4 8. 0-0 Na5 9. Nbd2 Bc6 10. Rb1 Nc8 11. Ne1 Nb6 12. Bg4 Ba4 13. Qe2 h5 14. Bh3 g6 15. f4 Qd7 16. Ndf3 0-0-0 17. Ng5 Kb8 1/2-1/2

[Event "BCF-chT 0203 (4NCL)"]
[Site "West Bromwich"]
[Date "2003.04.13"]
[Round "8.2"]
[White "Ledger, Andrew"]
[Black "Shikerov, Stefan"]
[Result "1-0"]
[WhiteElo "2428"]
[BlackElo "2339"]
[PlyCount "115"]
[EventDate "2002.11.??"]
[EventType "team"]
[EventRounds "11"]
[EventCountry "ENG"]
[SourceTitle "EXT 2004"]
[Source "ChessBase"]
[SourceDate "2003.11.25"]
[SourceVersion "1"]
[SourceVersionDate "2003.11.25"]
[SourceQuality "1"]
[WhiteTeam "BET"]
[BlackTeam "Barbican II"]
[WhiteTeamCountry "ENG"]
[BlackTeamCountry "ENG"]

1. e4 c5 2. Nc3 Nc6 3. Bb5 Nd4 4. Bc4 d6 5. Nge2 e5 6. 0-0 Nf6 7. d3 a6 8. Nxd4 cxd4 9. Ne2 Be6 10. c3 Bxc4 11. dxc4 dxc3 12. Nxc3 Rc8 13. Qb3 Qc7 14. Bg5 Be7 15. Rac1 0-0 16. Bxf6 Bxf6 17. Nd5 Qc6 18. Nxf6+ gxf6 19. Qf3 Qb6 20. b3 Qd8 21. Rc3 Re8 22. Qh5 Kf8 23. Qh6+ Ke7 24. Rf3 Qd7 25. Qxf6+ Kf8 26. Qh6+ Ke7 27. Rd1 Rc6 28. Qxh7 Qe6 29. Qh4+ Kd7 30. Rf6 Qe7 31. Qg4+ Kc7 32. Qg7 Rf8 33. h4 Kb8 34. h5 Qe8 35. Rfxd6 Rxd6 36. Rxd6 Ka7 37. Rd5 f6 38. Rd7 Qc8 39. Rc7 Rg8 40. Rxc8 Rxg7 41. f3 b5 42. g4 Kb6 43. c5+ Ka5 44. Rc6 Rf7 45. Kf2 Kb4 46. Rxa6 Kxc5 47. Ke3 Kb4 48. f4 Rc7 49. Rxf6 Rc3+ 50. Kf2 Rc2+ 51. Kg3 Rxa2 52. fxe5 Kxb3 53. h6 Kc4 54. g5 Kd4 55. h7 Ra8 56. Kf4 b4 57. g6 b3 58. g7 1-0

[Event "BCF-chT 0203 (4NCL)"]
[Site "West Bromwich"]
[Date "2003.01.19"]
[Round "4.5"]
[White "Stanford, Maxim Barth"]
[Black "Shikerov, Stefan"]
[Result "1-0"]
[WhiteElo "2305"]
[BlackElo "2339"]
[PlyCount "87"]
[EventDate "2002.11.??"]
[EventType "team"]
[EventRounds "11"]
[EventCountry "ENG"]
[SourceTitle "EXT 2004"]
[Source "ChessBase"]
[SourceDate "2003.11.25"]
[SourceVersion "1"]
[SourceVersionDate "2003.11.25"]
[SourceQuality "1"]
[WhiteTeam "Slough"]
[BlackTeam "Barbican"]
[WhiteTeamCountry "ENG"]
[BlackTeamCountry "ENG"]

1. d4 d5 2. c4 c6 3. Nf3 Nf6 4. Nc3 e6 5. Bg5 dxc4 6. e4 b5 7. e5 h6 8. Bh4 g5 9. Nxg5 hxg5 10. Bxg5 Be7 11. exf6 Bxf6 12. Bxf6 Qxf6 13. g3 Na6 14. Bg2 Bb7 15. a4 b4 16. Ne4 Qe7 17. Qe2 f5 18. Nc5 Nxc5 19. dxc5 Qxc5 20. 0-0-0 e5 21. Rhe1 0-0 22. Qh5 Qe7 23. Qg6+ Qg7 24. Qe6+ Qf7 25. Rxe5 Qxe6 26. Rxe6 Rae8 27. Rxe8 Rxe8 28. Rd7 Bc8 29. Rc7 Be6 30. Bxc6 Rd8 31. Re7 Bf7 32. Rd7 Rxd7 33. Bxd7 f4 34. a5 Kf8 35. Kd2 Ke7 36. Bg4 Kd6 37. gxf4 Kc5 38. h4 Kd4 39. h5 Ke4 40. h6 Bg8 41. Be6 Bh7 42. f5 Ke5 43. f4+ Kf6 44. Ke3 1-0

[Event "BCF-chT 0203 (4NCL)"]
[Site "West Bromwich"]
[Date "2002.11.23"]
[Round "1.2"]
[White "Shikerov, Stefan"]
[Black "Kelly, Brian"]
[Result "1/2-1/2"]
[WhiteElo "2339"]
[BlackElo "2451"]
[PlyCount "194"]
[EventDate "2002.11.??"]
[EventType "team"]
[EventRounds "11"]
[EventCountry "ENG"]
[SourceTitle "EXT 2004"]
[Source "ChessBase"]
[SourceDate "2003.11.25"]
[SourceVersion "1"]
[SourceVersionDate "2003.11.25"]
[SourceQuality "1"]
[WhiteTeam "Barbican II"]
[BlackTeam "Barbican"]
[WhiteTeamCountry "ENG"]
[BlackTeamCountry "ENG"]

1. d4 d5 2. c4 c6 3. Nf3 Nf6 4. Qb3 dxc4 5. Qxc4 Bf5 6. Nc3 e6 7. Bg5 Be7 8. Bxf6 Bxf6 9. e4 Bg4 10. Ne5 Bxe5 11. dxe5 Nd7 12. Qd4 Qg5 13. f3 Bh5 14. h4 Qxe5 15. 0-0-0 Qxd4 16. Rxd4 f6 17. Bc4 Ke7 18. Rhd1 Rhd8 19. g4 Bf7 20. f4 Nf8 21. Rxd8 Rxd8 22. Rxd8 Kxd8 23. Kd2 Ke7 24. h5 Be8 25. Ke3 e5 26. f5 h6 27. Bg8 Kd6 28. Kd3 a5 29. Nd1 Nd7 30. Nf2 b5 31. Nd1 Nb6 32. a3 a4 33. Be6 c5 34. Nf2 b4 35. Kd2 Bb5 36. Nd1 Bc4 37. Ne3 Bxe6 38. fxe6 Kxe6 39. Kd3 bxa3 40. bxa3 Nc8 41. Kc4 Nd6+ 42. Kxc5 Nxe4+ 43. Kb4 Nd6 44. Kxa4 e4 45. Kb4 Ke5 46. Kc5 Nc8 47. Nd5 f5 48. gxf5 Kxf5 49. a4 Kg4 50. a5 Kxh5 51. a6 Kg4 52. Kc6 h5 53. Kc7 Na7 54. Kb7 Nb5 55. Ne3+ Kf4 56. Kb6 Nd6 57. Kc6 Nc8 58. Kc7 Na7 59. Kb7 Kxe3 60. Kxa7 h4 61. Kb8 h3 62. a7 h2 63. a8Q h1Q 64. Qa7+ Kd3 65. Qa3+ Kc4 66. Qa2+ Kc5 67. Qa7+ Kd6 68. Qc7+ Ke6 69. Qc6+ Kf5 70. Qd7+ Kg6 71. Qe6+ Kh7 72. Qf5+ g6 73. Qf7+ Kh6 74. Qf4+ Kg7 75. Qe5+ Kf7 76. Qc7+ Ke6 77. Qc6+ Kf5 78. Qd5+ Kf4 79. Qd6+ Ke3 80. Qb6+ Kd3 81. Qb3+ Kd4 82. Qb4+ Kd5 83. Qb5+ Kd6 84. Qb6+ Ke5 85. Qc5+ Kf4 86. Qd6+ Kf3 87. Qf6+ Kg3 88. Qg5+ Kf2 89. Qd2+ Kf3 90. Qc3+ Kg4 91. Qc8+ Kg3 92. Qc7+ Kg2 93. Qc2+ Kh3 94. Qc8+ Kg3 95. Qc7+ Kg4 96. Qc8+ Kg5 97. Qc5+ Kg4 1/2-1/2

[Event "BCF-chT 0102 (4NCL)"]
[Site "Birmingham"]
[Date "2002.05.06"]
[Round "11.2"]
[White "Pert, Nicholas"]
[Black "Shikerov, Stefan"]
[Result "1-0"]
[WhiteElo "2452"]
[BlackElo "2298"]
[PlyCount "81"]
[EventDate "2001.09.22"]
[EventType "team"]
[EventRounds "11"]
[EventCountry "ENG"]
[SourceTitle "CBM 084 Extra"]
[Source "ChessBase"]
[SourceDate "2001.10.26"]
[SourceVersion "1"]
[SourceVersionDate "2001.10.26"]
[SourceQuality "1"]
[WhiteTeam "Midland Monarchs"]
[BlackTeam "Barbican II"]
[WhiteTeamCountry "ENG"]
[BlackTeamCountry "ENG"]

1. d4 d5 2. c4 dxc4 3. Nf3 Nf6 4. Nc3 Bg4 5. Ne5 Bh5 6. h3 e6 7. g4 Bg6 8. Bg2 c6 9. h4 Bb4 10. h5 Be4 11. f3 c5 12. fxe4 Qxd4 13. Nf3 Qxe4 14. g5 Nd5 15. Rh4 Nxc3 16. Rxe4 Nxd1+ 17. Kxd1 Nc6 18. a3 0-0-0+ 19. Kc2 Ba5 20. Rxc4 Bb6 21. b4 cxb4 22. axb4 Kb8 23. Bf4+ Ka8 24. Rxc6 bxc6 25. Nd4 Rd5 26. Nxc6 Rc8 27. Bxd5 exd5 28. b5 Re8 29. Kd3 Kb7 30. Be5 f6 31. gxf6 gxf6 32. Bd4 Bxd4 33. Nxd4 Re5 34. Rh1 Kb6 35. h6 Rg5 36. Rc1 Rg6 37. Rc6+ Kb7 38. Nf5 a5 39. Nd6+ Kb8 40. b6 Rg8 41. b7 1-0

[Event "BCF-chT2 0102 (4NCL)"]
[Site "Birmingham"]
[Date "2002.05.05"]
[Round "10.1"]
[White "Shikerov, Stefan"]
[Black "Headlong, Timothy"]
[Result "1-0"]
[WhiteElo "2298"]
[BlackElo "2232"]
[PlyCount "111"]
[EventDate "2001.09.22"]
[EventType "team"]
[EventRounds "11"]
[EventCountry "ENG"]
[SourceTitle "EXT 2003"]
[Source "ChessBase"]
[SourceDate "2002.11.25"]
[SourceVersion "1"]
[SourceVersionDate "2002.11.25"]
[SourceQuality "1"]
[WhiteTeam "Barbican III"]
[BlackTeam "Warwicks Select"]
[WhiteTeamCountry "ENG"]
[BlackTeamCountry "ENG"]

1. d4 d5 2. c4 e6 3. Nc3 c5 4. e3 Nf6 5. Nf3 Nc6 6. Bd3 Be7 7. 0-0 0-0 8. Ne5 cxd4 9. exd4 dxc4 10. Nxc6 bxc6 11. Bxc4 Bb7 12. Be3 Nd5 13. Nxd5 cxd5 14. Bd3 a5 15. Qc2 h6 16. Qe2 Qb6 17. Qg4 f5 18. Qg6 Rf6 19. Qg3 Bd6 20. Bf4 Bxf4 21. Qxf4 Ba6 22. Bxa6 Qxa6 23. Rfc1 a4 24. Rc2 Qd3 25. Rac1 Qe4 26. Qd2 f4 27. f3 Qf5 28. Re1 Qg6 29. Rc6 Kh7 30. Qc3 h5 31. Qd2 Qf5 32. Re5 Qb1+ 33. Rc1 Qg6 34. Qe2 Rb8 35. Kf2 Rb4 36. Qd2 Rb7 37. Rc6 h4 38. Qc2 Qxc2+ 39. Rxc2 Rb4 40. Rd2 Kg6 41. Ke2 Rc4 42. Kd3 Rc1 43. h3 Kh6 44. Ree2 Kg6 45. Rc2 Rd1+ 46. Kc3 e5 47. dxe5 Rc6+ 48. Kb4 Rxc2 49. Rxc2 Kf5 50. Re2 Ke6 51. Kxa4 d4 52. Kb3 d3 53. Rf2 Kxe5 54. Kc3 g5 55. a3 Kd5 56. Rd2 1-0

[Event "Southend op"]
[Site "London"]
[Date "2002.03.31"]
[Round "5"]
[White "Pert, Richard G"]
[Black "Shikerov, Stefan"]
[Result "1/2-1/2"]
[WhiteElo "2302"]
[BlackElo "2298"]
[PlyCount "113"]
[EventDate "2002.03.29"]
[EventType "swiss"]
[EventRounds "7"]
[EventCountry "ENG"]
[SourceTitle "EXT 2006"]
[Source "ChessBase"]
[SourceDate "2005.11.24"]
[SourceVersion "1"]
[SourceVersionDate "2005.11.24"]
[SourceQuality "1"]

1. e4 c5 2. Nf3 Nc6 3. Nc3 e5 4. Bc4 d6 5. d3 Be7 6. h3 Nf6 7. a3 0-0 8. 0-0 a6 9. Nd5 Nxd5 10. Bxd5 Bf6 11. Nh2 Ne7 12. Bb3 Ng6 13. Ng4 Bg5 14. Ne3 Kh8 15. c3 f5 16. exf5 Bxf5 17. Nxf5 Rxf5 18. Be6 Rf8 19. g3 Bxc1 20. Rxc1 Qg5 21. Kh2 Rf6 22. Bd5 Raf8 23. Rc2 Ne7 24. Bg2 h5 25. h4 Qg6 26. Qe2 Nf5 27. Be4 Qf7 28. Bxf5 Rxf5 29. Kg2 d5 30. c4 d4 31. b4 b6 32. Rd2 Qb7+ 33. f3 g5 34. hxg5 Rxg5 35. Rh1 Rfg8 36. Rh3 R8g6 37. Qe4 Qxe4 38. fxe4 Kg7 39. Kh2 Rf6 40. Kg2 Rfg6 41. Kh2 Kf7 42. bxc5 bxc5 43. Rb2 Rf6 44. Kg2 Kg7 45. Rb7+ Kh6 46. Rb8 Rc6 47. a4 a5 48. Rb5 Rg8 49. Rxa5 Rf8 50. Rh1 Kg5 51. Rf1 Rxf1 52. Kxf1 h4 53. gxh4+ Kxh4 54. Kf2 Rb6 55. Rb5 Rh6 56. Rb7 Ra6 57. Rh7+ 1/2-1/2

[Event "Southend op"]
[Site "London"]
[Date "2002.03.30"]
[Round "3"]
[White "Bushill, Michael S"]
[Black "Shikerov, Stefan"]
[Result "1/2-1/2"]
[WhiteElo "2060"]
[BlackElo "2298"]
[PlyCount "130"]
[EventDate "2002.03.29"]
[EventType "swiss"]
[EventRounds "7"]
[EventCountry "ENG"]
[SourceTitle "EXT 2006"]
[Source "ChessBase"]
[SourceDate "2005.11.24"]
[SourceVersion "1"]
[SourceVersionDate "2005.11.24"]
[SourceQuality "1"]

1. e4 d5 2. exd5 Nf6 3. Nf3 Nxd5 4. d4 Bg4 5. c4 Nb6 6. c5 Nd5 7. Qb3 Bc8 8. Bc4 e6 9. Bg5 Be7 10. Bxe7 Nxe7 11. 0-0 Nbc6 12. Rd1 0-0 13. Bd3 Qd5 14. Qc2 Qh5 15. Be2 Qg6 16. Qxg6 Nxg6 17. Nc3 Nce7 18. Bc4 Nf4 19. g3 Nfd5 20. Bxd5 Nxd5 21. Nxd5 exd5 22. Re1 Bg4 23. Ne5 Bf5 24. Re3 f6 25. Nf3 Rfe8 26. Rae1 Rxe3 27. Rxe3 Kf7 28. Kf1 g5 29. h4 h6 30. Ke2 Be6 31. Kd2 Ke7 32. a3 Kd7 33. Ke2 Bf5 34. Kd2 b6 35. b4 Rg8 36. Re1 Be4 37. Re3 Bxf3 38. Rxf3 gxh4 39. Rxf6 hxg3 40. fxg3 bxc5 41. bxc5 Rg4 42. c6+ Ke7 43. Rxh6 Rxd4+ 44. Ke3 Ra4 45. Kd3 Rc4 46. Ke3 a5 47. Kd3 a4 48. Ke3 Re4+ 49. Kd3 Rg4 50. Ke3 Re4+ 51. Kd3 Rc4 52. Ke3 Kf7 53. Rh7+ Ke6 54. Rxc7 Kd6 55. Rc8 Rc3+ 56. Kd4 Rxa3 57. c7 Rxg3 58. Rd8+ Kxc7 59. Rxd5 Kc6 60. Ra5 Kb6 61. Ra8 Kb5 62. Rb8+ Ka5 63. Kc4 a3 64. Ra8+ Kb6 65. Kb4 Kb7 1/2-1/2

[Event "BCF-chT 0102 (4NCL)"]
[Site "Birmingham"]
[Date "2001.09.22"]
[Round "1.1"]
[White "Shikerov, Stefan"]
[Black "Parker, Jonathan"]
[Result "0-1"]
[WhiteElo "2298"]
[BlackElo "2547"]
[PlyCount "73"]
[EventDate "2001.09.22"]
[EventType "team"]
[EventRounds "11"]
[EventCountry "ENG"]
[SourceTitle "CBM 084 Extra"]
[Source "ChessBase"]
[SourceDate "2001.10.26"]
[SourceVersion "1"]
[SourceVersionDate "2001.10.26"]
[SourceQuality "1"]
[WhiteTeam "Barbican II"]
[BlackTeam "Barbican"]
[WhiteTeamCountry "ENG"]
[BlackTeamCountry "ENG"]

1. d4 Nf6 2. c4 e6 3. Nc3 d5 4. Bg5 Be7 5. e3 h6 6. Bxf6 Bxf6 7. Nf3 0-0 8. cxd5 exd5 9. b4 Be7 10. Rb1 c6 11. Bd3 Bd6 12. 0-0 a6 13. a4 a5 14. b5 Re8 15. h3 Nd7 16. Qc2 Nf8 17. bxc6 bxc6 18. e4 Be6 19. e5 Be7 20. Ne2 Rc8 21. Ba6 Rc7 22. Rb7 Rxb7 23. Bxb7 Bd7 24. Nf4 Qb6 25. Rb1 Bb4 26. Nxd5 Qxb7 27. Nxb4 axb4 28. Nd2 Qb6 29. Qd3 Ne6 30. Nb3 Bc8 31. a5 Qa6 32. Qe4 Qc4 33. Qe3 Rd8 34. Rc1 Qd5 35. Kh2 Bb7 36. Nc5 Ba8 37. Nxe6 0-1

[Event "BCF-chT 0001 (4NCL)"]
[Site "Birmingham"]
[Date "2001.05.06"]
[Round "10.5"]
[White "Shikerov, Stefan"]
[Black "Ward, Christopher"]
[Result "1-0"]
[WhiteElo "2250"]
[BlackElo "2505"]
[PlyCount "73"]
[EventDate "2000.09.??"]
[EventType "team"]
[EventRounds "11"]
[EventCountry "ENG"]
[SourceTitle "EXT 2002"]
[Source "ChessBase"]
[SourceDate "2001.11.25"]
[SourceVersion "1"]
[SourceVersionDate "2001.11.25"]
[SourceQuality "1"]
[WhiteTeam "Barbican II"]
[BlackTeam "Wood Green"]
[WhiteTeamCountry "ENG"]
[BlackTeamCountry "ENG"]

1. d4 Nf6 2. c4 e6 3. Nc3 Bb4 4. e3 b6 5. Nge2 Ne4 6. Qc2 Bb7 7. a3 Bxc3+ 8. Nxc3 Nxc3 9. Qxc3 0-0 10. Bd3 Qg5 11. Bd2 Qxg2 12. 0-0-0 Qxh1 13. Rxh1 Bxh1 14. Qc2 f5 15. d5 Na6 16. b4 Rae8 17. Bc3 Nb8 18. Qd1 Be4 19. Be2 d6 20. f3 exd5 21. fxe4 dxe4 22. c5 bxc5 23. Bc4+ Kh8 24. Qg1 Re5 25. Bxe5 dxe5 26. Qg5 Rf6 27. bxc5 Nd7 28. Qg2 Nxc5 29. Qb2 Nd7 30. Qb7 Rf8 31. Qxc7 Nb6 32. Be6 f4 33. Qxa7 f3 34. Qxb6 f2 35. Bh3 f1Q+ 36. Bxf1 Rxf1+ 37. Kc2 1-0

[Event "Southend op"]
[Site "London"]
[Date "2001.04.15"]
[Round "6"]
[White "Ledger, Andrew"]
[Black "Shikerov, Stefan"]
[Result "0-1"]
[WhiteElo "2432"]
[BlackElo "2250"]
[PlyCount "72"]
[EventDate "2001.04.13"]
[EventType "swiss"]
[EventRounds "7"]
[EventCountry "ENG"]
[SourceTitle "EXT 2006"]
[Source "ChessBase"]
[SourceDate "2005.11.24"]
[SourceVersion "1"]
[SourceVersionDate "2005.11.24"]
[SourceQuality "1"]

1. e4 c5 2. Nc3 Nc6 3. g3 g6 4. d3 Bg7 5. Be3 d6 6. Qd2 Nd4 7. Nd1 Bg4 8. Bg2 e5 9. c3 Nc6 10. h3 Be6 11. f4 Nge7 12. Nf3 f6 13. fxe5 Nxe5 14. Nxe5 fxe5 15. 0-0 Qd7 16. Kh2 Nc6 17. b4 cxb4 18. cxb4 Rf8 19. Nf2 Kf7 20. h4 Kg8 21. Nh3 Nd4 22. Ng5 Bg4 23. a3 h6 24. Bxd4 exd4 25. Nh3 Kh7 26. Nf4 Be5 27. Rf2 g5 28. hxg5 hxg5 29. Nh3 Rxf2 30. Nxf2 Kg6 31. Nh1 Rh8+ 32. Kg1 Qh7 33. Kf1 Qh2 34. Nf2 Rf8 35. Ra2 Bxg3 36. Qe1 Bh3 0-1

[Event "Southend op"]
[Site "London"]
[Date "2001.04.14"]
[Round "3"]
[White "Shikerov, Stefan"]
[Black "Ethelontis, Alexandros N"]
[Result "1-0"]
[WhiteElo "2250"]
[BlackElo "2135"]
[PlyCount "99"]
[EventDate "2001.04.13"]
[EventType "swiss"]
[EventRounds "7"]
[EventCountry "ENG"]
[SourceTitle "EXT 2006"]
[Source "ChessBase"]
[SourceDate "2005.11.24"]
[SourceVersion "1"]
[SourceVersionDate "2005.11.24"]
[SourceQuality "1"]

1. d4 e6 2. c4 Nf6 3. Nc3 Bb4 4. e3 0-0 5. Nge2 d5 6. a3 Bd6 7. c5 Be7 8. Ng3 Nbd7 9. f4 a5 10. Bd2 b6 11. b4 bxc5 12. bxc5 c6 13. Na4 Ba6 14. Bxa6 Rxa6 15. 0-0 Qc7 16. Qc2 Rb8 17. Rfb1 Raa8 18. Rxb8+ Rxb8 19. Rb1 Bd8 20. Rb3 Qa7 21. Nb2 h5 22. a4 h4 23. Ne2 Ne4 24. Be1 Rxb3 25. Qxb3 Qa6 26. Nc3 f5 27. Nxe4 fxe4 28. Qd1 Qb7 29. Qc2 Nb8 30. Nd1 Na6 31. Nf2 Nb4 32. Qe2 Bf6 33. h3 Bd8 34. Kh2 Qa6 35. Qxa6 Nxa6 36. Kg1 Nb4 37. Kf1 g5 38. fxg5 Kf7 39. Ke2 Kg6 40. Bxb4 axb4 41. Ng4 b3 42. Kd2 Bc7 43. Kc1 Kf5 44. Kb2 e5 45. dxe5 Bxe5+ 46. Nxe5 Kxe5 47. Kxb3 d4 48. exd4+ Kxd4 49. g6 e3 50. Kc2 1-0

[Event "Southend op"]
[Site "London"]
[Date "2001.04.13"]
[Round "2"]
[White "Moore, John C"]
[Black "Shikerov, Stefan"]
[Result "0-1"]
[WhiteElo "2151"]
[BlackElo "2250"]
[PlyCount "102"]
[EventDate "2001.04.13"]
[EventType "swiss"]
[EventRounds "7"]
[EventCountry "ENG"]
[SourceTitle "EXT 2006"]
[Source "ChessBase"]
[SourceDate "2005.11.24"]
[SourceVersion "1"]
[SourceVersionDate "2005.11.24"]
[SourceQuality "1"]

1. e4 d5 2. exd5 Nf6 3. Nc3 Nxd5 4. Bc4 c6 5. Nf3 g6 6. 0-0 Bg7 7. h3 0-0 8. Re1 Nb6 9. Bb3 c5 10. d3 Nc6 11. Qe2 Nd4 12. Nxd4 cxd4 13. Ne4 h6 14. Ng3 e6 15. Qf3 a5 16. a3 Kh7 17. Bd2 Nd7 18. Ne4 Qc7 19. Rac1 f5 20. Ng3 Nc5 21. Bc4 e5 22. b4 axb4 23. axb4 Ne6 24. Bb3 Ra3 25. Qd5 Rd8 26. Qc4 Qxc4 27. Bxc4 Nc7 28. Ra1 Rxa1 29. Rxa1 b5 30. Bb3 Rd6 31. f4 Rc6 32. Re1 Be6 33. fxe5 Bxb3 34. cxb3 Rc2 35. Nf1 Ne6 36. Rc1 Rxc1 37. Bxc1 Bxe5 38. g3 Bd6 39. Bd2 h5 40. Kg2 g5 41. Kf2 g4 42. hxg4 hxg4 43. Kg2 Kg6 44. Kf2 Kf6 45. Ke2 Ke5 46. Nh2 Kd5 47. Kf2 Nd8 48. Nf1 Nc6 49. Be1 Nxb4 50. Ke2 Nc2 51. Bf2 Na1 0-1

[Event "Wch U26"]
[Site "Sofia"]
[Date "1994.??.??"]
[Round "9"]
[White "Khatanbaatar, Bazar"]
[Black "Shikerov, Stefan"]
[Result "1-0"]
[WhiteElo "2340"]
[BlackElo "2240"]
[PlyCount "117"]
[EventDate "1994.??.??"]
[EventType "swiss"]
[EventRounds "9"]
[EventCountry "BUL"]
[SourceTitle "TD"]
[Source "ChessBase"]
[SourceDate "1994.03.01"]
[SourceVersion "1"]
[SourceVersionDate "1994.03.01"]
[SourceQuality "1"]

1. e4 c5 2. Nf3 Nc6 3. d4 cxd4 4. Nxd4 Nf6 5. Nc3 e5 6. Ndb5 d6 7. Nd5 Nxd5 8. exd5 Ne7 9. c3 Nf5 10. a4 Be7 11. Be2 0-0 12. 0-0 Nh4 13. Kh1 f5 14. f4 a6 15. Na3 exf4 16. Bxf4 Ng6 17. Be3 Ne5 18. Nc4 Nxc4 19. Bxc4 Bf6 20. Qd2 Bd7 21. Bf4 Qc7 22. Bd3 Rae8 23. Rae1 g6 24. a5 Bh4 25. Rxe8 Rxe8 26. c4 Bf6 27. b4 b6 28. Rc1 bxa5 29. c5 Be5 30. Bxa6 Bxf4 31. Qxf4 Re4 32. Qxd6 Qxd6 33. cxd6 Rxb4 34. Bc8 Bb5 35. d7 Bxd7 36. Bxd7 Kf7 37. h3 Ke7 38. Bc6 Kd6 39. Ra1 a4 40. Kg1 Rf4 41. Kh2 g5 42. Rxa4 Rxa4 43. Bxa4 Kxd5 44. h4 h6 45. hxg5 hxg5 46. Kg3 Ke4 47. Bc2+ Ke5 48. Kf3 Kf6 49. Ke3 Ke5 50. Bd3 Kf6 51. Ba6 Ke5 52. Bc8 Kf6 53. Kd4 g4 54. Ke3 Kg5 55. g3 f4+ 56. gxf4+ Kh4 57. f5 g3 58. f6 g2 59. Kf2 1-0

[Event "Wch U26"]
[Site "Sofia"]
[Date "1994.??.??"]
[Round "8"]
[White "Shikerov, Stefan"]
[Black "Altgelt, Alexander"]
[Result "1-0"]
[WhiteElo "2240"]
[BlackElo "2220"]
[PlyCount "115"]
[EventDate "1994.??.??"]
[EventType "swiss"]
[EventRounds "9"]
[EventCountry "BUL"]
[SourceTitle "TD"]
[Source "ChessBase"]
[SourceDate "1994.03.01"]
[SourceVersion "1"]
[SourceVersionDate "1994.03.01"]
[SourceQuality "1"]

1. d4 Nf6 2. c4 d6 3. Nf3 Nbd7 4. Nc3 e5 5. e4 Be7 6. Be2 0-0 7. 0-0 c6 8. d5 cxd5 9. cxd5 Nc5 10. Nd2 a5 11. b3 Bd7 12. a4 Qc7 13. Bb2 Rfc8 14. Bb5 Bg4 15. f3 Bh5 16. Be2 Bg6 17. Nb5 Qd8 18. Nc4 Ne8 19. Bd3 Ra6 20. Bc3 Rca8 21. Bc2 Nc7 22. Qe1 b6 23. Nba3 Rb8 24. Qe2 Raa8 25. Rfb1 Qd7 26. b4 axb4 27. Rxb4 N7a6 28. Rb5 Bd8 29. Rab1 Bc7 30. Qf2 Qd8 31. g3 f6 32. R5b2 Ra7 33. Nb5 Rab7 34. g4 Qe7 35. Kh1 Kh8 36. Kg2 Kg8 37. Ne3 Qd7 38. Nf5 Rf8 39. Kh1 Kh8 40. h4 Bf7 41. Qg2 Bb8 42. Rg1 Qd8 43. Rbb1 Rd7 44. Qg3 Nc7 45. f4 Nxb5 46. Rxb5 Ra7 47. g5 Rg8 48. Rb4 Bc7 49. Qf3 Qe8 50. gxf6 gxf6 51. Rxg8+ Bxg8 52. fxe5 fxe5 53. Bd2 Qg6 54. Bg5 h5 55. Ne7 Qf7 56. Bf6+ Kh7 57. Qf5+ Kh6 58. Nxg8+ 1-0

[Event "Wch U26"]
[Site "Sofia"]
[Date "1994.??.??"]
[Round "2"]
[White "Shikerov, Stefan"]
[Black "Knezevic, Bojan"]
[Result "1/2-1/2"]
[WhiteElo "2240"]
[BlackElo "2385"]
[PlyCount "81"]
[EventDate "1994.??.??"]
[EventType "swiss"]
[EventRounds "9"]
[EventCountry "BUL"]
[SourceTitle "TD"]
[Source "ChessBase"]
[SourceDate "1994.03.01"]
[SourceVersion "1"]
[SourceVersionDate "1994.03.01"]
[SourceQuality "1"]

1. d4 Nf6 2. c4 g6 3. Nc3 Bg7 4. e4 d6 5. Nf3 0-0 6. Be2 c5 7. d5 e6 8. 0-0 Re8 9. Bg5 h6 10. Bh4 exd5 11. exd5 Bg4 12. h3 Bxf3 13. Bxf3 Nbd7 14. Qc2 a6 15. Bg3 Ne5 16. Be2 Nh5 17. Bh2 Qh4 18. g4 Nf6 19. Kg2 Nh7 20. Bg3 Qe7 21. f4 Nd7 22. Rae1 Qf8 23. Bd3 Nhf6 24. Qd2 Rab8 25. a4 b6 26. b3 Rxe1 27. Rxe1 Ne8 28. Ne4 Ndf6 29. Bh4 Nxe4 30. Rxe4 Nf6 31. Re3 Re8 32. Qe2 Rxe3 33. Qxe3 a5 34. Kf3 Qd8 35. Bg3 Kf8 36. h4 Qe7 37. Qxe7+ Kxe7 38. f5 g5 39. Be1 Nd7 40. hxg5 hxg5 41. Be2 1/2-1/2

[Event "Elenite op"]
[Site "Elenite"]
[Date "1993.??.??"]
[Round "5"]
[White "Shikerov, Stefan"]
[Black "Semkov, Semko"]
[Result "1/2-1/2"]
[WhiteElo "2260"]
[BlackElo "2465"]
[PlyCount "84"]
[EventDate "1993.??.??"]
[EventType "swiss"]
[EventRounds "9"]
[EventCountry "BUL"]
[SourceTitle "EXT 1998"]
[Source "ChessBase"]
[SourceDate "1997.11.17"]
[SourceVersion "1"]
[SourceVersionDate "1997.11.17"]
[SourceQuality "1"]

1. d4 d5 2. c4 e6 3. Nc3 c6 4. Nf3 dxc4 5. a4 Bb4 6. e4 Nf6 7. Bg5 Bxc3+ 8. bxc3 Qa5 9. e5 Ne4 10. Bd2 Qd5 11. Be2 c5 12. 0-0 Nc6 13. Qc2 Nxd2 14. Qxd2 0-0 15. Rad1 cxd4 16. cxd4 Bd7 17. Rc1 Na5 18. Ng5 Bc6 19. Bf3 Qd8 20. Bxc6 bxc6 21. Qf4 Rb8 22. Rc3 Rb3 23. Rfc1 c5 24. Nf3 Qd5 25. h4 cxd4 26. Nxd4 Rxc3 27. Rxc3 Rd8 28. Rf3 f6 29. exf6 Qxd4 30. Qg5 Rd7 31. fxg7 Qd1+ 32. Kh2 Qd6+ 33. g3 Rxg7 34. Qxa5 Qd5 35. Qc3 Rf7 36. Rxf7 Kxf7 37. Qe3 a5 38. Qf4+ Ke8 39. Qb8+ Kf7 40. Qc7+ Kg6 41. g4 Qd4 42. Kg3 Qc3+ 1/2-1/2

[Event "BUL-chT"]
[Site "Bankia"]
[Date "1991.??.??"]
[Round "2"]
[White "Radulov, Ivan"]
[Black "Shikerov, Stefan"]
[Result "1-0"]
[WhiteElo "2405"]
[BlackElo "2270"]
[PlyCount "91"]
[EventDate "1991.??.??"]
[EventType "team"]
[EventRounds "8"]
[EventCountry "BUL"]
[SourceTitle "EXT 1998"]
[Source "ChessBase"]
[SourceDate "1997.11.17"]
[SourceVersion "1"]
[SourceVersionDate "1997.11.17"]
[SourceQuality "1"]

1. Nf3 d5 2. c4 c6 3. e3 Nf6 4. Nc3 e6 5. d4 Nbd7 6. Bd3 dxc4 7. Bxc4 b5 8. Be2 Bb7 9. 0-0 a6 10. a3 c5 11. dxc5 Nxc5 12. b4 Qxd1 13. Rxd1 Nb3 14. Rb1 Nxc1 15. Rbxc1 Be7 16. Nd4 0-0 17. Ncxb5 axb5 18. Rc7 Be4 19. Rxe7 Nd5 20. Rd7 Rxa3 21. Nxb5 Rb3 22. Nd6 Bc2 23. Rc1 Nxb4 24. Rb7 Bg6 25. h4 Na2 26. Rcc7 Rxb7 27. Rxb7 Nc3 28. Bf3 h5 29. Rc7 Na4 30. Nc4 f6 31. Nd2 Rd8 32. Nf1 Kh7 33. Ng3 Kh6 34. Bc6 Nb6 35. Rb7 Nc4 36. Bd7 Ne5 37. Bxe6 Rd1+ 38. Kh2 Rd2 39. Rb8 Bd3 40. Rh8+ Kg6 41. Nxh5 f5 42. Kg3 Ng4 43. Nf4+ Kf6 44. Rf8+ Ke5 45. Nxd3+ Kxe6 46. Nc5+ 1-0